| 000 | 01934nam a22003617a 4500 | ||
|---|---|---|---|
| 001 | 159 | ||
| 003 | FISKH | ||
| 005 | 20230301134033.0 | ||
| 008 | 230301b cb ||||| |||| 00| 0 eng d | ||
| 037 |
_bJunior Library Guild _nhttp://www.juniorlibraryguild.com |
||
| 040 |
_aDLC _cDLC _dBAKER _dBTCTA _dTEF _dEHH _dVP@ _dXXH _dDLC _dFISKH _beng |
||
| 042 |
_alcac _alcac |
||
| 050 | 0 | 0 |
_aPZ7.S68524 _bEpg 2007 |
| 082 | _a364.10973 | ||
| 100 | 1 |
_aSobol, Donald J., _d1924-2012. |
|
| 245 | 1 | 0 |
_aEncyclopedia Brown cracks the case / _cDonald J. Sobol ; illustrated by James Bernardin. |
| 250 | _a1st ed. | ||
| 260 |
_aNew York _bScholastic _c2007 |
||
| 300 |
_a90 p. _bill. ; _c20 cm. |
||
| 505 | 0 | _aThe case of the forgetful jewel thief -- The case of the autographed Alice in Wonderland -- The case of the lemonade stand -- The case of the Revolutionary treasures -- The case of the missing butterfly brooch -- The case of the counterfeit dough -- The case of the astronaut duck -- The case of the lucky catch -- The case of the missing money -- The case of the stolen Confederate stamps. | |
| 520 | _aTen brief cases allow the reader to match wits with ten-year-old crime-buster, Encyclopedia Brown, as he locates stolen jewels, retrieves a stuffed tiger, and more. Solutions are included at the back of the book. | ||
| 521 | 8 |
_a750 _bLexile |
|
| 521 | 8 |
_aM _bRaz-Plus |
|
| 586 | 8 | _aA Junior Library Guild selection | |
| 650 | 0 | _aDetective and mystery stories. | |
| 650 | 1 | _aMystery and detective stories. | |
| 700 | 1 |
_aBernardin, James, _eill. |
|
| 856 | 4 | 1 |
_3Table of contents only _uhttp://www.loc.gov/catdir/toc/ecip079/2006039766.html |
| 856 | 4 | 2 |
_3Contributor biographical information _uhttp://www.loc.gov/catdir/enhancements/fy0719/2006039766-b.html |
| 856 | 4 | 2 |
_3Publisher description _uhttp://www.loc.gov/catdir/enhancements/fy0719/2006039766-d.html |
| 906 |
_a7 _bcbc _corignew _d1 _eecip _f20 _gy-gencatlg |
||
| 942 |
_2ddc _cBK _n0 |
||
| 999 |
_c159 _d159 |
||